000 00299nam a2200121Ia 4500
008 190802s9999 xx 000 0 und d
020 _a13:978-0-07-133345-0
100 _aDamodar N Gujarati
245 0 _aBasic Econometrics
260 _aNew Delhi
_bPearson
_c2012
300 _a886:P
942 _cBK
999 _c2329
_d2329